00932nam a2200205 a 450000100100000000500170001000800410002704000250006810000240009324501410011726000270025830000350028550000210032050000720034150400340041359000750044704900090052295201780053199900170070900003502020200930074042.0111024s1959 fr ab 000 0 spa d aDO-SdBNPbspacBNPHU1 aJames, E. O.96064213aLa religion préhistorique :bétude d'Archéologie préhistorique: paléolithique - mésolithique - néolithique /cE. O. James. aParis :bPayot,c1959. a316 p. :bil., ma p. ;c23 cm. aIncluye índice aIncluye referencias bibliográficas y notas al pie de la páginas aBibliografía : p. [293]-297 aPerteneció a la biblioteca personal de Juan Isidro Jimenes Grullón aBNPD 001050718MOaGRbGRcCTd2011-10-24iLF1l0o p35020-10r2020-06-25w2020-06-25y1zPerteneció a la biblioteca personal de Juan Isidro Jimenes Grullón.ZNo se presta c34511d34511